Southville International School and Colleges
Your cart is empty.
  • Cart
  • Lists
    Public lists Eva Luna New books Lux_list list_1
    Your lists Log in to create your own lists
  • Log in to your account
  • Your cookies
  • Search history
Southville International School and Colleges
  • Advanced search
  • Recent comments
  • Most popular
  • Libraries

Log in to your account

Log in with GOOGLE


If you do not have an external account, but do have a local account, you can still log in:

  1. Home
  2. MARC view: Human resource management /
Normal view MARC view ISBD view

Human resource management / (Record no. 39734)

[ view plain ]
MARC details
000 -LEADER
fixed length control field 00409nam a2200157 a 4500
005 - DATE AND TIME OF LATEST TRANSACTION
control field 20140311163040.0
008 - FIXED-LENGTH DATA ELEMENTS--GENERAL INFORMATION
fixed length control field 111110s19uu xx 00 eng d
020 ## - INTERNATIONAL STANDARD BOOK NUMBER
International Standard Book Number 9780071267700
100 ## - MAIN ENTRY--PERSONAL NAME
Personal name Ivancevich, John
245 ## - TITLE STATEMENT
Title Human resource management /
Statement of responsibility, etc John Ivancevich.
250 ## - EDITION STATEMENT
Edition statement 11th ed.
260 ## - PUBLICATION, DISTRIBUTION, ETC. (IMPRINT)
Place of publication, distribution, etc Boston :
Name of publisher, distributor, etc McGraw HIll,
Date of publication, distribution, etc 2010.
300 ## - PHYSICAL DESCRIPTION
Extent 636
650 ## - SUBJECT ADDED ENTRY--TOPICAL TERM
Topical term or geographic name as entry element Personnel management
942 ## - ADDED ENTRY ELEMENTS (KOHA)
Koha item type Books
Holdings
Withdrawn status Lost status Source of classification or shelving scheme Damaged status Home library Current library Shelving location Date acquired Source of acquisition Total Checkouts Total Renewals Full call number Barcode Checked out Date last seen Date checked out Copy number Price effective from Koha item type
    Library of Congress Classification   College Library College Library General Circulation Section 11/10/2011 Donation 2 5 HF 5549 .Iv93 2010 C14098 03/11/2020 03/04/2020 03/04/2020 1 03/11/2014 Books

Human resource management /

APA

Ivancevich J., . (2010). Human resource management. Boston: McGraw HIll.

Chicago

Ivancevich John, . 2010. Human resource management. Boston: McGraw HIll.

Harvard

Ivancevich J., . (2010). Human resource management. Boston: McGraw HIll.

MLA

Ivancevich John, . Human resource management. Boston: McGraw HIll. 2010.

  • Place hold
  • Print
  • Cite
  • Add to your cart (remove)
  • Save record
    BIBTEX Dublin Core MARCXML MARC (non-Unicode/MARC-8) MARC (Unicode/UTF-8) MARC (Unicode/UTF-8, Standard) MODS (XML) RIS
  • More searches
    Search for this title in:
    Other Libraries (WorldCat) Other Databases (Google Scholar) Online Stores (Bookfinder.com) Open Library (openlibrary.org)

Exporting to Dublin Core...

SOUTHVILLE LIBRARY

Southville International School and Colleges Library

1281 Tropical Ave. Cor. Luxembourg St., BF Homes International, Las Pinas City

Tel. No. 8256374 / 252358 Loc. 117/146

Powered by Koha